000 01008nam a2200229Ia 4500
999 _c50340
_d50340
001 17281
003 GE_BSU
005 20200210165924.0
008 181216s2012ge xx |||||||||||||| ||geo||
020 _a9789941042812
040 _cGE_BSU
041 _ageo
080 _a28-24 წ-71
245 _aწმინდა წიგნი ყურანი და მისი შინაარსობრივი თარგმანი /
_cმთარგმნ. რეზო მიქელაძე ; რედ. დონარი ტუნაძე.
264 _aსტამბოლი.
_bჰაირათი,
_c2013.
300 _a615 გვ .:
_c24 სმ.
520 _aსპონსორი ჯგუფი:მუსლიმგეორგია.
653 _aყურანი
700 _aმიქელაძე, რეზო
_eმთარგმნელი
_96962
700 _aტუნაძე, დონარი
_eრედაქტორი
_96963
942 _cBK
_2udc